| 000 | 01025nam a2200229Ia 4500 | ||
|---|---|---|---|
| 003 | OSt | ||
| 005 | 20200728120211.0 | ||
| 008 | 191128s1992 ck ad gr 000 0 spa d | ||
| 040 |
_aCO-JMCR _cCO-JMCR |
||
| 041 | 0 | _aspa | |
| 082 | 0 | 4 |
_a331.2522861 / _bC646e _223 |
| 110 | 1 |
_aColombia Ministerio de Trabajo y Seguridad Social _97958 |
|
| 245 | 1 | 0 |
_aExposición de motivos del proyecto de ley : _bpor el cual se crea el sistema de ahorro pensional y se dictan otras disposiciones sobre seguridad social / _cMinisterio de Trabajo y Seguridad Social ; Luis Fernando Ramírez Acuña ; Héctor José Cadena Clavijo |
| 260 |
_aBogotá : _bMinisterio de Trabajo y Seguridad Social, _c1992. |
||
| 300 |
_a72 páginas _bilustraciones, gráficos a blanco y negro ; _c22 cm. |
||
| 650 | 1 | 4 |
_aSeguridad social _96217 |
| 650 | 2 | 4 |
_a Ahorro y pensiones _97959 |
| 650 | 2 | 4 |
_aSistemas de pensiones _97960 |
| 700 | 1 |
_a Luis Fernando Ramírez Acuña _eautor _97961 |
|
| 700 | 1 |
_a Héctor José Cadena Clavijo _eautor _97962 |
|
| 942 |
_2ddc _cBK |
||
| 999 |
_c4875 _d4875 |
||